Les Records Des Animaux - Statistiques

Statistiques générales
  • Ce quiz a été pris 567 fois
  • Le résultat moyen est 7 sur 27
Statistiques - réponses
Hint Réponse % Correct
Le plus lourd Éléphant Abattue en Afrique, le plus lourd faisait 12 tonnes.
94%
Le plus rapide Guépard Record de vitesse mesuré à 128 Km/h.
93%
Le plus grand Girafe La plus grande faisant 5.85 mètres.
89%
Le plus venimeux Taïpan du désert / Serpent Il est 100 fois plus venimeux que le Crotale Diamantin et 25 fois plus venimeux que le Cobra.
59%
Le plus mortel Moustique il tue chaque année entre 750 000 et 1 000 000 de personnes.
48%
Le plus grand Baleine bleue Elle peut atteindre 30 mètres de long.
46%
Le plus lourd Baleine bleue Et peser jusqu'à 150 tonnes.
45%
Le plus intelligent Dauphin Certaines études ont montré qu'il pouvait atteindre le niveau d'intelligence d'un enfant de trois ans.
33%
Le plus rapide Faucon Record de 390 Km/h en piqué.
30%
Le plus rapide Marlin bleu / Espadon Record de vitesse mesuré à 120 Km/h.
27%
Le plus lourd Autruche Poids maximum mesuré à 150 Kilos.
26%
Le plus grand (envergure) Condor Maximum 3.2 mètre d'envergure.
20%
Le plus intelligent Corbeau / Corneille / Pie Il est considéré, en général, comme l'oiseau le plus intelligent, même si la mémoire du perroquet est également remarquable.
17%
Le plus fort Aigle Un adulte est capable de soulever une proie de plus de 40kg.
16%
Les plus grandes dents Hippopotame Elles peuvent atteindre 60 cm et peser 3 kg chez le mâle.
14%
Le plus fort Baleine bleue En toute logique.
12%
Le plus intelligent Orang-outan Capable d'apprendre la langue des signes, il sait aussi utiliser des outils.
11%
Qui saute le plus haut Puma Il peut sauter jusqu'à 5 mètres.
8%
Le plus vieux Tortue géante La plus vieille du monde s'appelle Jonathan et a fêté ses 190 ans.
7%
Le plus dangereux Casoar C'est un des animal les plus agressif et il est en plus doté d'une griffe acérée et d'une crète en kératine.
6%
Le plus vieux Albatros C'est l'espèce d'oiseau sauvage qui a la grande longévité, en moyenne 50 ans.
3%
Le plus fort Gorille à dos argenté Il est 6 à 15 fois plus fort que l'Homme.
3%
Le plus vieux Bivalve / Palourde / Coquillage Découvert au large des côtes d'Islande le plus vieux avait 507 ans.
2%
Qui saute le plus loin Panthère des neiges Elle peut sauter jusqu'à 15 mètres.
2%
Le plus venimeux Pieuvre à anneaux bleus Son venin contient une neurotoxine qui agit en quelques minutes et provoque une détresse respiratoire grave.
2%
Le plus mortel Cuboméduse / Méduse-boîte Tue une soixantaine de personne par ans.
1%
Le plus bruyant L'araponga blanc Ses cris peuvent atteindre 125 décibels.
0%
Aucun quiz correspondant
Distribution des résultats
% des personnes avec chaque résultat
Percentile par nombre de réponses
Votre historique - résultats
Vous n’avez pas pris ce quiz